MARC

LEADER 00000nam0a2200000 4500
001 68222
005 20231031074642.0
035 |a (RuTPU)RU\TPU\book\72622 
090 |a 68222 
100 |a 20041002d1982 km y0rusy50 ca 
101 0 |a rus 
102 |a RU 
105 |a a z 001zy 
200 1 |a Кондиционирование воздуха в промышленных, общественных и жилых зданиях  |f Б. В. Баркалов, Е. Е. Карпис 
205 |a 2-е изд., перераб. и доп. 
210 |a Москва  |c Стройиздат  |d 1982 
215 |a 312 с.  |c ил. 
320 |a Библиогр. в конце глав. 
610 1 |a строительство 
610 1 |a общественные здания 
610 1 |a промышленные здания 
610 1 |a кондиционирование 
610 1 |a кондиционеры 
610 1 |a воздух 
610 1 |a осушение 
610 1 |a сорбенты 
610 1 |a тепловлажностная обработка 
610 1 |a озонирование 
610 1 |a аэроионизация 
610 1 |a воздухообмен 
610 1 |a энергосбережение 
610 1 |a экономическая эффективность 
675 |a 697.94  |v 3 
700 1 |a Баркалов  |b Б. В.  |g Борис Владимирович 
701 1 |a Карпис  |b Е. Е.  |g Евсей Ефимович 
801 1 |a RU  |b 63413507  |c 20041002  |g PSBO 
801 2 |a RU  |b 63413507  |c 20220511  |g PSBO 
942 |c BK